|
|
|
|
| LEADER |
00000naa2a2200000 4500 |
| 001 |
198895 |
| 005 |
20250826142910.0 |
| 035 |
|
|
|a (RuTPU)RU\TPU\book\216908
|
| 090 |
|
|
|a 198895
|
| 100 |
|
|
|a 20110712d2009 k y0rusy50 ca
|
| 101 |
0 |
|
|a rus
|
| 102 |
|
|
|a RU
|
| 200 |
1 |
|
|a Исследование процесса синтеза тетрафторобромата калия фторированием бромида калия элементным фтором
|f Р. М. Власевский [и др.]
|
| 463 |
|
0 |
|0 (RuTPU)RU\TPU\book\208731
|y 5-98298-470-1
|t Фторидные технологии
|o тезисы докладов Всероссийской научно-практической конференции, 25-26 июня 2009 г. г. Томск
|f Томский политехнический университет (ТПУ), Физико-технический факультет; ООО "Фторидные технологии"
|v С. 60
|d 2009
|
| 610 |
1 |
|
|a тетрафторобромат калия
|
| 610 |
1 |
|
|a синтез
|
| 610 |
1 |
|
|a бромид калия
|
| 610 |
1 |
|
|a фторирование
|
| 610 |
1 |
|
|a элементный фтор
|
| 610 |
1 |
|
|a окислительное фторирование
|
| 610 |
1 |
|
|a труды учёных ТПУ
|
| 701 |
|
1 |
|a Власевский
|b Р. М.
|
| 701 |
|
1 |
|a Жерин
|b И. И.
|c российский химик
|c профессор Томского политехнического университета, доктор химических наук
|f 1955-
|g Иван Игнатьевич
|3 (RuTPU)RU\TPU\pers\25854
|9 11723
|
| 701 |
|
1 |
|a Оствальд
|b Р. В.
|c химик-технолог
|c доцент Томского политехнического университета, кандидат химических наук
|f 1980-
|g Роман Вячеславович
|3 (RuTPU)RU\TPU\pers\25864
|9 11732
|
| 701 |
|
1 |
|a Шагалов
|b В. В.
|c химик
|c доцент Томского политехнического университета, кандидат химических наук
|f 1982-
|g Владимир Владимирович
|3 (RuTPU)RU\TPU\pers\25867
|9 11735
|
| 801 |
|
1 |
|a RU
|b 63413507
|c 20110712
|
| 942 |
|
|
|c CF
|